| 000 | 01087nam a2200265Ia 4500 | ||
|---|---|---|---|
| 003 | OSt | ||
| 005 | 20221005104714.0 | ||
| 006 | a|||||r|||| 00| 0 | ||
| 007 | ta | ||
| 008 | 221004b |||||||| |||| 00| 0 hin d | ||
| 020 |
_a9789380172293 (pbk) _c600 |
||
| 024 | _a8735 | ||
| 037 |
_b20474, 08/01/2014, Hindi Madhyam Karyanvyan Nideshalye _cTextual |
||
| 040 |
_aCRL _cCRL _bhin |
||
| 041 |
_2hin _ahin |
||
| 082 | _aV58.N9, 152Q0 | ||
| 100 | _aकौशिक, करूणा | ||
| 245 | 0 | _aसाम्राज्यवादी एवं साम्यवादी रूस | |
| 246 | _aSāmrājyavādī evan sāmyavādī rūsa | ||
| 260 |
_aदिल्ली _bविशविद्यालय हिन्दी माध्यम कार्यान्वय निदेशालय भारत _c2010 |
||
| 300 |
_a799पृ0 _ccm. |
||
| 650 | _aविश्व-इतिहास | ||
| 942 |
_hV58.N9, 152Q0 _cTEXL _2cc |
||
| 999 |
_c1013551 _d1013551 |
||